000 00297nam a22001097a 4500
082 _a621.31924 NOW'E
100 _aNOWAK, J. F
_959202
245 _aELECTRICAL WORK A HANDBOOK OF TOOLS MATERIALS METHODS AND DIRECTORIES
260 _aNEWYORK
_bD. VAN NOSTRAND
_c1949
300 _a147P
942 _cBK
999 _c569237
_d569237